HISTORY OF ENGLISH LITERATURE (Record no. 19574)
[ view plain ]
| 000 -LEADER | |
|---|---|
| fixed length control field | 00333nam a22001577a 4500 |
| 003 - CONTROL NUMBER IDENTIFIER | |
| control field | SGT |
| 020 ## - INTERNATIONAL STANDARD BOOK NUMBER | |
| International Standard Book Number | 9780199479313 |
| 082 ## - DEWEY DECIMAL CLASSIFICATION NUMBER | |
| Classification number | 820,ALB |
| 100 ## - MAIN ENTRY--PERSONAL NAME | |
| Personal name | ALBERT, EDWARD |
| 245 ## - TITLE STATEMENT | |
| Title | HISTORY OF ENGLISH LITERATURE |
| 250 ## - EDITION STATEMENT | |
| Edition statement | 5TH |
| 260 ## - PUBLICATION, DISTRIBUTION, ETC. (IMPRINT) | |
| Place of publication, distribution, etc | INDIA |
| Name of publisher, distributor, etc | OXFORD |
| Year of Publication | 2019 |
| 300 ## - PAGE DESCRIPTION | |
| No. of Pages | 730 |
| 650 ## - SUBJECT ADDED ENTRY--TOPICAL TERM | |
| Topical term or geographic name as entry element | ENGLISH |
| 942 ## - ADDED ENTRY ELEMENTS (KOHA) | |
| Source of classification or shelving scheme | Dewey Decimal Classification |
| Koha item type | Books |
| 942 ## - ADDED ENTRY ELEMENTS (KOHA) | |
| -- | 15 |
| Withdrawn status | Lost status | Source of classification or shelving scheme | Damaged status | Not for loan | Home library | Current library | Shelving location | Date acquired | Vendor Name | Cost, normal purchase price | SGTU | Bill Number | Total Checkouts | Full call number | Accession No. (Barcode) | Date last seen | Date last borrowed | Bill Date | Koha item type | Collection code |
|---|---|---|---|---|---|---|---|---|---|---|---|---|---|---|---|---|---|---|---|---|
| Dewey Decimal Classification | SGT Engineering Library | SGT Engineering Library | Text Book | 23/12/2019 | ONS BOOK | 345.00 | SGTU | ONS/SGT/ | 8 | 820,ALB | FE7823 | 29/04/2025 | 15/04/2025 | Books | ENGINEERING | |||||
| Dewey Decimal Classification | SGT Engineering Library | SGT Engineering Library | Text Book | 23/12/2019 | ONS BOOK | 345.00 | SGTU | ONS/SGT/ | 4 | 820,ALB | FE7824 | 22/02/2023 | 10/02/2023 | Books | ENGINEERING | |||||
| Dewey Decimal Classification | SGT Engineering Library | SGT Engineering Library | Text Book | 23/12/2019 | ONS BOOK | 345.00 | SGTU | ONS/SGT/ | 3 | 820,ALB | FE7825 | 01/09/2021 | 05/04/2021 | Books | ENGINEERING | |||||
| Dewey Decimal Classification | SGT Engineering Library | SGT Engineering Library | Text Book | 23/12/2019 | ONS BOOK | 345.00 | SGTU | ONS/SGT/ | 11 | 820,ALB | FE7826 | 25/08/2025 | 13/08/2025 | Books | ENGINEERING | |||||
| Dewey Decimal Classification | SGT Science & Social Sciences Library | SGT Science & Social Sciences Library | Text Book | 23/12/2019 | ONS BOOK | 345.00 | SGTU | ONS/SGT/ | 9 | 820,ALB | FE7822 | 03/10/2025 | 15/09/2025 | Books |